| 000 | 00527nam a2200181 a 4500 | ||
|---|---|---|---|
| 001 | 000022329 | ||
| 005 | 20200930011705.0 | ||
| 008 | 100927s2003 dr 001 0 spa d | ||
| 020 | _a9993449121 | ||
| 040 |
_aDO-SdBNP _bspa _cBNPHU |
||
| 082 |
_axxxx _bG633j |
||
| 100 | 1 |
_aGómez Ricout, Rafaela _946088 |
|
| 245 | 1 | 4 |
_aLos juicios de Dios y su misericordia / _cRafaela Gómez Ricout. |
| 260 |
_aSanto Domingo : _bEditorial Gente, _c2003. |
||
| 300 |
_a141 p. ; _c21 cm. |
||
| 504 | _aBibliografía : p. 141 | ||
| 049 | _aBNPD | ||
| 999 |
_c21827 _d21827 |
||